Регионална библиотека "Любен Каравелов" - Русе

Паяжината на властта (Запис номер 76766)

MARC детайли
000 -Лидер
Контролно поле с фиксирана дължина 01681nam a2200361 c 4500
003 - Код на организацията, давaща контролен номер
Контролно поле BLK
005 - Дата и час на последна редакция
Контролно поле 20230724123436.0
008 - Елементи от данни с фиксирана дължина
fixed length control field 180408b bul|||||r ||||||| ||bul||
010 ## - Наследен системен номер
LC control number KNG00081202000
020 ## - Международен стандартен номер на книга ISBN
Международен стандартен номер на книга ISBN 978-954-389-004-0
-- издат.: Ера
040 ## - Източник на каталожния запис
Идентификатор на билиотеката - собственик на записа BLK
041 ## - Код за език
Код за езика на текст/звукозапис или на отделно заглавие Български
Код за езика КДБФ Български
080 ## - УДК
Текстов определител УДК Английска литература
УДК код - определител по УДК 821.111
УДК определител -312.4
УДК - код + определител 821.111-312.4
100 1# - Редна дума - Автор
Автор Тримейн, Питър
Авторска отговорност първи автор
Автор - информация (биография) Елис, Питър Бересфорд
Пълна форма на името Англ. писател , псевд. на Питър Берздорф Елиз
R(LIN) 294416
139 ## - Редно поле
Редна дума Тримейн, Питър
Авторски знак Три - Т 83
245 10 - Сведения за заглавието
Заглавие Паяжината на властта
Подзаглавни данни Ист. бел. : Нова среща със сестра Фиделма : Роман
Редно поле (дума) Питър Тримейн; прев. Петър Цветанов Нинов; * Питър Бересфорд Елис.
257 ## - Страна на издаване
Страна на създаване/издаване Великобритания
260 ## - Област на издателските данни
-- София
Име на издателя, разпространителя и проч. Ера
Година на издаване 2008
Печатница София : Експреспринт
300 ## - Физическа характеристика
Страници 344 с.
Размери/Мащаб 20 см
380 ## - Жанр
Жанр Худож. лит.
490 1# - СЕРИИ (Колекции)
Име на серия Келтски загадки
500 ## - Общи забележки
Забележка Ориг. загл. Spider's Web / Peter Tremayne. - Питър Тримейн е псевд. на Peter Berresford Ellis. - Офс. изд.
653 ## - Ключова дума – ненормативна
Ключова дума крими
653 ## - Ключова дума – ненормативна
Ключова дума романи
700 1# - Други автори (авторска отговорност)
Лично име Нинов, Петър Цветанов
Автороска отговорност (Описва отношението между автора и произведението) прев.
9 (RLIN) 298017
700 1# - Други автори (авторска отговорност)
Лично име Елис, Питър Бересфорд
Автороска отговорност (Описва отношението между автора и произведението) *
9 (RLIN) 294417
852 ## - Местоположение
Форматна сигнатура Цб 238178
856 4# - Електронен адрес и достъп
Електронен формат pdf - файл
Път до файла /url/
856 4# - Електронен адрес и достъп
Електронен формат pdf - файл
Път до файла /url/
942 ## - АРТИКУЛИ
Вид на библиотечния материал Книги
Скрит в OPAC Не
Koha issues (borrowed), all copies 3
944 ## - СЪЗДАВАНЕ И РЕДАКЦИЯ на ЗАПИСА
Създаване/Редакция Създаване
Дата на регистрацията/редакция 08.02.2008
Статус, дата на статуса Христина Везирева
Служител, извършил регистрацията/редакцията 30535
944 ## - СЪЗДАВАНЕ И РЕДАКЦИЯ на ЗАПИСА
Създаване/Редакция Редакция
Дата на регистрацията/редакция 28.04.2016
Статус, дата на статуса ф /
Служител, извършил регистрацията/редакцията Людмила_Стоянова
999 ## - СИСТЕМНИ КОНТРОЛНИ НОМЕРА
Koha biblionumber 76766
Koha biblioitemnumber 76766
Наличности
Код за отписване Код за изгубен артикул Код за повреда Коз за рестрикции Код за отдаване Артикулен № Име на библиотеката - собственик Име на библиотеката, в която се намира в момента Статус (Текущо местоположение) Дата на вписване в системата Местоположение - отдел Цена в лева Инвентарен номер Систематично азбучна сигнатура Баркод Номер на екземпляра Цена в евро Служебна бележка Служебен тип на артикула
Изтеглен Не е изгубен Не е повреден без рестрикции заемане за дома 124620 Регионална библиотека "Любен Каравелов" Русе Регионална библиотека "Любен Каравелов" Русе Заемна - подръчен фонд 2008-02-08 Заемна - подръчен фонд 9.99 120000723135 П 820-31/Т 83 120000723135 1 5.11 Дост: Pk Вид: Ф N: 169 Дата: 06.02.2008 Дата инв: 15.02.2018 Бележки инв: П2018 Книги
  Не е изгубен Не е повреден без рестрикции ползва се в читалня 124621 Регионална библиотека "Любен Каравелов" Русе Регионална библиотека "Любен Каравелов" Русе Хранилище 2010-01-20 Хранилище 9.99 120000740900 Цб 238178 120000740900 2 5.11 Дост: Dp Вид: Д N: 27 Дата: 23.06.2009 Книги
  Не е изгубен Не е повреден без рестрикции заемане за дома 124622 Регионална библиотека "Любен Каравелов" Русе Регионална библиотека "Любен Каравелов" Русе Заемна - подръчен фонд 2016-04-28 Заемна - подръчен фонд 4.99 120000799947 П 820-31/Т 83 120000799947 3 2.55 Дост: Pk Вид: Ф N: 9852 Дата: 25.04.2016 Дата инв: 15.02.2018 Бележки инв: П2018 Книги
Vip Innovations Ltd, Rousse, Bulgaria 2025